000 00992nas a2200325 4500
001 BR2013010697
003 BR-BrBNA
005 20231205123513.0
007 ta
008 230509b bl.|||p| |||| 00| 00por d
040 _aBR-BrBNA
_bpor
_cBiblioteca Nacional de Agricultura
041 _a(Pt)
072 _aQ70
100 1 _aCosta, M.S.S. de M.
100 1 _aCosta, L.A. de M.
100 1 _aOlibone, D.
100 1 _aRöder, C.
100 1 _aBurin, A.
100 1 _aKaufmann, A.V.
100 1 _aOrtolan, M.L.
245 1 _aEfeito da aeração no primeiro estágio da compostagem de carcaça de aves
650 _aRESÍDUO
650 _aCONTAMINAÇÃO BACTERIANA
650 _aCOMPOSIÇÃO QUÍMICA
650 _aSALMONELLA
773 0 _tEngenharia Agrícola (Brazil)
_xISSN 0100-6916
_g(May-Aug 2005), v. 25(2) p. 549-556
_wBR2013010697
856 4 0 _uhttp://www.scielo.br/pdf/eagri/v25n2/26518.pdf
909 _a202311
_bLúcia
_c55
_dLúcia Elande
942 _2AGRIS
_n0
_cANA
999 _c234241
_d234241